| 000 | 01200aam a2200313 i 4500 | ||
|---|---|---|---|
| 001 | 768714001 | ||
| 003 | CO-MdFUSB | ||
| 005 | 20250502163735.0 | ||
| 008 | 190527t1993 ilu |||| |||| 00| 0 eng d | ||
| 020 | _a0891077367 | ||
| 040 |
_aCO-MdFUSB _bspa _cCO-MdFUSB _dCO-MdFUSBC _erda |
||
| 041 | _aeng | ||
| 082 |
_224 _a241 _bET84 |
||
| 100 |
_aFeinberg, John S., _eautor |
||
| 245 | 1 | 0 |
_aEthics for a brave new world. _c/ John S. Feinberg ; Paul D. Feinberg |
| 264 | 1 |
_aWheaton, Illinois : _bCrossway Books, _c[1993] |
|
| 300 |
_axvi , 479 páginas _c; 23 cm |
||
| 336 |
_atexto _btxt _2rdacontent |
||
| 337 |
_2rdamedia _asin mediación _bn |
||
| 338 |
_2rdacarrier _avolumen _bnc |
||
| 505 | 0 | _aLa toma de decisiones morales y el cristiano. -- Aborto -- Eutanasia. -- Castigo Capital. -- Sexualidad moral. -- Control de natalidad. -- Homosexualidad. -- Ingeniería genética. -- Divorcio y nuevo matrimonio. -- El cristiano y la guerra. -- El cristiano y el estado secular. | |
| 563 | _aRústico | ||
| 650 | 7 |
_aÉtica cristiana _9185 |
|
| 650 | 0 |
_9929 _aCulpa moral |
|
| 700 |
_aFeinberg, Paul D., _eautor _91990 |
||
| 942 | _cBK | ||
| 945 |
_aJTF-925 _bAEM-53 |
||
| 999 |
_c44955 _d44955 |
||